North American Countries On A Civilization Six Map - Statistics

General Stats
  • This quiz has been taken 316 times
  • The average score is 14 of 15
Answers on the Map
Answers color-coded by a green-red scale on the quiz's map according to % correct below.
 
Answer Stats
Country % Correct
United States
100%
Canada
99%
Mexico
98%
Cuba
95%
Haiti
94%
Panama
94%
Guatemala
93%
Nicaragua
93%
Costa Rica
92%
Belize
91%
Dominican Republic
91%
El Salvador
91%
Honduras
91%
Bahamas
89%
Trinidad & Tobago
69%
No matching quizzes found
Score Distribution
Percent of People with Each Score
Percentile by Number Answered
Your Score History
You have not taken this quiz